| 000 | 00684nam a2200181 4500 | ||
|---|---|---|---|
| 008 | 010925s1995 us engYA | ||
| 020 | _a0824514740 | ||
| 090 |
_aBS2715.3 _bT42r |
||
| 100 | 1 | _aThurston, Bonnie | |
| 245 | 1 | 0 |
_aReading Colossians, Ephesians and Thessalonians : _ba literary and theological commentary / _cBonnie Thurston. |
| 260 |
_aNew York : _bCrossroad, _cc1995. |
||
| 300 | _axiv, 197 p. | ||
| 490 | 1 | _aReading the New Testament series | |
| 650 | 4 |
_aBible. N. T. Colossians _xCommentaries. |
|
| 650 | 4 |
_aBible. N. T. Ephesians _xCommentaries. |
|
| 650 | 4 |
_aBible. N. T. Thessalonians _xCommentaries. |
|
| 951 |
_p21105 _oBS2715.3/T42r _j070613111004578 _d2000-12-21 _cREF |
||
| 999 |
_c4161 _d4161 |
||